Dirección de ventas : (Registro nro. 22458)
[ vista simple ]
| 000 -LEADER | |
|---|---|
| campo de control de longitud fija | 01652nam a2200445 i 4500 |
| 001 - NÚMERO DE CONTROL | |
| campo de control | 22458 |
| 003 - IDENTIFICADOR DE NÚMERO DE CONTROL | |
| campo de control | FlNmELB |
| 005 - FECHA Y HORA DE LA ÚLTIMA TRANSACCIÓN | |
| campo de control | 20241216214016.0 |
| 006 - CÓDIGOS DE INFORMACIÓN DE LONGITUD FIJA--CARACTERÍSTICAS DEL MATERIAL ADICIONAL | |
| campo de control de longitud fija | m o d | |
| 007 - CAMPO FIJO DE DESCRIPCIÓN FÍSICA--INFORMACIÓN GENERAL | |
| campo de control de longitud fija | cr cnu|||||||| |
| 008 - DATOS DE LONGITUD FIJA--INFORMACIÓN GENERAL | |
| campo de control de longitud fija | 140811s2012 ag ob 001 0 spa d |
| 020 ## - NÚMERO INTERNACIONAL ESTÁNDAR DEL LIBRO | |
| Número Internacional Estándar del Libro | 9789871716630 (e-book) |
| 035 ## - NÚMERO DE CONTROL DEL SISTEMA | |
| Número de control de sistema | (MiAaPQ)EBC3220392 |
| 035 ## - NÚMERO DE CONTROL DEL SISTEMA | |
| Número de control de sistema | (Au-PeEL)EBL3220392 |
| 035 ## - NÚMERO DE CONTROL DEL SISTEMA | |
| Número de control de sistema | (CaPaEBR)ebr10876775 |
| 035 ## - NÚMERO DE CONTROL DEL SISTEMA | |
| Número de control de sistema | (OCoLC)991997767 |
| 040 ## - FUENTE DE CATALOGACIÓN | |
| Centro catalogador/agencia de origen | FINmELB |
| Lengua de catalogación | spa |
| Normas de descripción | rda |
| Centro/agencia transcriptor | FINmELB |
| 050 #4 - SIGNATURA TOPOGRÁFICA DE LA BIBLIOTECA DEL CONGRESO | |
| Número de clasificación | HF5415 |
| Número de ítem | B641 2012 |
| 082 0# - NÚMERO DE LA CLASIFICACIÓN DECIMAL DEWEY | |
| Número de clasificación | 658.8 |
| Información de edición | 23 |
| 100 1# - ENTRADA PRINCIPAL--NOMBRE DE PERSONA | |
| Nombre de persona | Blanco, Fernando H. |
| 245 10 - MENCIÓN DEL TÍTULO | |
| Título | Dirección de ventas : |
| Resto del título | liderazgo en el siglo XXI / |
| Mención de responsabilidad, etc. | Fernando H. Blanco. |
| 264 #1 - PRODUCCIÓN, PUBLICACIÓN, DISTRIBUCIÓN, FABRICACIÓN Y COPYRIGHT | |
| Producción, publicación, distribución, fabricación y copyright | Buenos Aires : |
| Nombre del de productor, editor, distribuidor, fabricante | Fundación Universidad de Palermo / Nobuko, |
| Fecha de producción, publicación, distribución, fabricación o copyright | [2012] |
| 300 ## - DESCRIPCIÓN FÍSICA | |
| Extensión | 1 recurso en línea (239 páginas) |
| 336 ## - TIPO DE CONTENIDO | |
| Término de tipo de contenido | texto |
| Código de tipo de contenido | txt |
| Fuente | rdacontent/spa |
| 337 ## - TIPO DE MEDIO | |
| Nombre/término del tipo de medio | computadora |
| Código del tipo de medio | c |
| Fuente | rdamedia/spa |
| 338 ## - TIPO DE SOPORTE | |
| Nombre/término del tipo de soporte | recurso en línea |
| Código del tipo de soporte | cr |
| Fuente | rdacarrier/spa |
| 490 1# - MENCIÓN DE SERIE | |
| Mención de serie | Management y marketing |
| 500 ## - NOTA GENERAL | |
| Nota general | Contiene índice. |
| 504 ## - NOTA DE BIBLIOGRAFÍA, ETC. | |
| Nota de bibliografía, etc. Nota | Contiene referencias bibliográficas. |
| 588 ## - NOTA DE FUENTE DE LA DESCRIPCIÓN | |
| Nota de fuente de la descripción | Descripción basada en recurso en línea; Título de la página del título en PDF (e-libro, visto august 11, 2014). |
| 590 ## - NOTA LOCAL (RLIN) | |
| Nota local | Recurso electrónico. Santa Fe, Arg.: e-libro, 2015. Disponible vía World Wide Web. El acceso puede estar limitado para las bibliotecas afiliadas a e-libro. |
| 650 #0 - PUNTO DE ACCESO ADICIONAL DE MATERIA--TÉRMINO DE MATERIA | |
| Término de materia o nombre geográfico como elemento de entrada | Marketing. |
| 650 #4 - PUNTO DE ACCESO ADICIONAL DE MATERIA--TÉRMINO DE MATERIA | |
| Término de materia o nombre geográfico como elemento de entrada | Comercialización. |
| 650 #0 - PUNTO DE ACCESO ADICIONAL DE MATERIA--TÉRMINO DE MATERIA | |
| Término de materia o nombre geográfico como elemento de entrada | Leadership. |
| 650 #4 - PUNTO DE ACCESO ADICIONAL DE MATERIA--TÉRMINO DE MATERIA | |
| Término de materia o nombre geográfico como elemento de entrada | Liderazgo. |
| 655 #4 - TERMINO DE INDIZACIÓN--GENERO/FORMA | |
| Datos o término principal de género/forma | Libros electrónicos. |
| 797 2# - PUNTO DE ACCESO ADICIONAL LOCAL--NOMBRE DE ENTIDAD CORPORATIVA (RLIN) | |
| Nombre de entidad corporativa o nombre de jurisdicción como elemento de entrada | e-libro, Corp. |
| 830 #0 - PUNTO DE ACCESO ADICIONAL DE SERIE-TÍTULO UNIFORME | |
| Título uniforme | Management y marketing. |
| 856 40 - LOCALIZACIÓN Y ACCESO ELECTRÓNICOS | |
| Identificador Uniforme de Recurso | <a href="https://elibro.net/ereader/politecnicointernacional/76822">https://elibro.net/ereader/politecnicointernacional/76822</a> |
No hay ítems disponibles.